[Event "XXIV Weekend A"]
[Site "Robecchetto con Induno ITA"]
[Date "2013.12.30"]
[Round "6"]
[White "Caldi, Mario"]
[Black "Guerini, Silvia Jr"]
[WhiteElo "1865"]
[BlackElo "1823"]
[Result "0-1"]
[PlyCount "88"]
[EventDate "2013.12.27"]

1. e4 c6 2. d4 d5 3. Nc3 dxe4 4. Nxe4 Nd7 5. Bc4 Ngf6 6. Ng5 e6 7. Qe2 Nb6 8.
Be3 Nxc4 9. Qxc4 Be7 10. N5f3 Nd5 11. c3 Nxe3 12. fxe3 Qb6 13. b3 c5 14. Ne2
Bd7 15. Qd3 Bc6 16. O-O O-O 17. Ne5 Bf6 18. Ng4 Be7 19. Rf2 Rad8 20. Nf4 Bd6
21. Qe2 Be7 22. Ne5 cxd4 23. Nxc6 Qxc6 24. cxd4 Rc8 25. Raf1 Qe4 26. Nd3 Rc3
27. Rd1 Bg5 28. Qf3 Qxe3 29. Ne5 Rc2 30. Ng4 Qxf3 31. gxf3 Rfc8 32. Rxc2 Rxc2
33. a4 f6 34. d5 exd5 35. Rxd5 h5 36. Nf2 Be3 37. Rxh5 Rxf2 38. Kh1 Rxf3 39.
Rb5 b6 40. a5 bxa5 41. Rxa5 Bb6 42. Rb5 Rf2 43. h4 Rb2 44. h5 Kf7 0-1

[Event "XXIV Weekend A"]
[Site "Robecchetto con Induno ITA"]
[Date "2013.12.30"]
[Round "6"]
[White "Cerutti, Fabio Maria"]
[Black "Saccani, Ettore"]
[WhiteElo "1772"]
[BlackElo "1726"]
[Result "1-0"]
[PlyCount "79"]
[EventDate "2013.12.27"]

1. e4 e6 2. d4 d5 3. exd5 exd5 4. Bd3 Nf6 5. h3 Bd6 6. Qf3 O-O 7. Ne2 h6 8. O-O
Be6 9. Nf4 Nbd7 10. Be3 c5 11. Nxe6 fxe6 12. c3 e5 13. Bf5 Qc7 14. Be6+ Kh8 15.
Bxd5 Nxd5 16. Qxd5 Nf6 17. Qc4 Ne4 18. dxc5 Nxc5 19. Nd2 Qe7 20. Ne4 Nxe4 21.
Qxe4 Qf7 22. Rad1 Rad8 23. Qd5 Qc7 24. f3 b6 25. Qe4 Rf6 26. Rd5 Rdf8 27. Rfd1
Qe7 28. Qd3 Rxf3 29. gxf3 Rxf3 30. Rxd6 e4 31. Qe2 Qe5 32. R6d5 Rg3+ 33. Kf1
Qf6+ 34. Ke1 Rxh3 35. Qf2 Rf3 36. Qe2 Qe6 37. Rd8+ Kh7 38. Bf2 Qe5 39. R1d4 Rh3
40. Qxe4+ 1-0

[Event "XXIV Weekend A"]
[Site "Robecchetto con Induno ITA"]
[Date "2013.12.30"]
[Round "6"]
[White "Cervini, Gian Piero"]
[Black "Bianchi, Alberto"]
[WhiteElo "1795"]
[BlackElo "1954"]
[Result "0-1"]
[PlyCount "70"]
[EventDate "2013.12.27"]

1. e4 e5 2. Nf3 Nc6 3. d4 exd4 4. Bc4 Be7 5. Nxd4 Nf6 6. Nc3 O-O 7. O-O Nxd4 8.
Qxd4 d6 9. Re1 Nd7 10. Nd5 Bf6 11. Nxf6+ Qxf6 12. Be3 Ne5 13. Bf1 Qg6 14. Kh1
Bd7 15. f4 Nc6 16. Qc3 Qxe4 17. a3 Qg6 18. Bd3 Bf5 19. Rad1 Rfe8 20. b4 Rac8
21. b5 Ne7 22. Qd4 b6 23. Rd2 Bxd3 24. Rxd3 Nf5 25. Qc3 Re7 26. g4 Qxg4 27. Rg1
Qf3+ 28. Rg2 Rce8 29. Bf2 Qb7 30. Rh3 g6 31. Kg1 Qd5 32. Rd3 Qxb5 33. h4 Ng7
34. Bd4 Re1+ 35. Kh2 Nh5 0-1

[Event "XXIV Weekend A"]
[Site "Robecchetto con Induno ITA"]
[Date "2013.12.30"]
[Round "6"]
[White "Conta, Diego"]
[Black "Loi, Alberto"]
[WhiteElo "1652"]
[BlackElo "1831"]
[Result "1-0"]
[PlyCount "37"]
[EventDate "2013.12.27"]

1. e4 e5 2. f4 Bd6 3. Nf3 b6 4. Bc4 Bb7 5. fxe5 Bxe5 6. Bxf7+ Kf8 7. O-O d6 8.
Nxe5 Nf6 9. Ng4 Nbd7 10. Nxf6 Nxf6 11. Bd5 c6 12. Bb3 Ke7 13. d3 h6 14. Qe2 Kd7
15. e5 Qe7 16. Bf4 g5 17. Bg3 h5 18. Rxf6 h4 19. Qg4+ 1-0

[Event "XXIV Weekend A"]
[Site "Robecchetto con Induno ITA"]
[Date "2013.12.30"]
[Round "6"]
[White "Giovarruscio, Gabriele"]
[Black "Oteri, Aldo"]
[WhiteElo "1683"]
[BlackElo "1776"]
[Result "0-1"]
[PlyCount "76"]
[EventDate "2013.12.27"]

1. d4 Nf6 2. c4 g6 3. Nf3 Bg7 4. g3 O-O 5. Bg2 d6 6. O-O Nbd7 7. Nc3 e5 8. e4
c6 9. b3 Re8 10. Bb2 exd4 11. Nxd4 Nc5 12. f3 a5 13. Kh1 Nfd7 14. Rf2 Ne5 15.
Bf1 Ned3 16. Bxd3 Bxd4 17. Rc2 Nxd3 18. Qxd3 Qf6 19. Rd1 Be5 20. f4 Bxc3 21.
Qxc3 Qxc3 22. Bxc3 Rxe4 23. Rxd6 Bh3 24. Rd1 a4 25. Kg1 axb3 26. axb3 Bg4 27.
Rd6 Re3 28. c5 Bf5 29. Rc1 Rd3 30. Rxd3 Bxd3 31. b4 Ra3 32. h4 Rb3 33. Kf2 f5
34. Ke3 Be4 35. Kd4 Kf7 36. Ra1 Rb1 37. Ra7 Rd1+ 38. Kc4 Bd5# 0-1

[Event "XXIV Weekend A"]
[Site "Robecchetto con Induno ITA"]
[Date "2013.12.30"]
[Round "6"]
[White "Guerini, Sara"]
[Black "Paniga, Danilo"]
[WhiteElo "1754"]
[BlackElo "1843"]
[Result "0-1"]
[PlyCount "96"]
[EventDate "2013.12.27"]

1. e4 d6 2. d4 Nf6 3. Nc3 c6 4. Nf3 Bg4 5. Be2 e6 6. Be3 d5 7. e5 Nfd7 8. O-O
a6 9. h3 Bh5 10. Nh2 Bxe2 11. Qxe2 c5 12. Qd2 Nc6 13. Nf3 b5 14. Ne2 cxd4 15.
Bxd4 Nxd4 16. Nexd4 Qc7 17. Rfe1 Be7 18. Rac1 O-O 19. Qe3 Rac8 20. Nd2 Bc5 21.
c3 Nb8 22. N2f3 Qa5 23. Ra1 Qb6 24. Qd2 Nd7 25. Rac1 Rc7 26. Qe2 Rfc8 27. Qd2
b4 28. Re2 bxc3 29. bxc3 Ba3 30. Rc2 Nc5 31. Re3 Ne4 32. Qe1 Qa5 33. Nb3 Qa4
34. Nfd4 Bb4 35. Ne2 Bc5 36. Rf3 Bb6 37. Qc1 Rc4 38. Nd2 Nxd2 39. Qxd2 Re4 40.
Rf4 Rcc4 41. Rxe4 Rxe4 42. Nd4 g6 43. f3 Rxe5 44. Qf4 Bxd4+ 45. cxd4 Re1+ 46.
Kf2 e5 47. Rc8+ Kg7 48. dxe5 Qxf4 0-1

[Event "XXIV Weekend A"]
[Site "Robecchetto con Induno ITA"]
[Date "2013.12.30"]
[Round "6"]
[White "Isoardi, Luigi"]
[Black "D'Ambrosio, Luca"]
[WhiteElo "1747"]
[BlackElo "1862"]
[Result "1-0"]
[PlyCount "120"]
[EventDate "2013.12.27"]

1. d4 d5 2. Nf3 Nf6 3. c4 c6 4. cxd5 cxd5 5. e3 e6 6. Bb5+ Bd7 7. Qa4 Bxb5 8.
Qxb5+ Qd7 9. Nc3 a6 10. Qe2 Nc6 11. a3 Bd6 12. O-O b5 13. e4 dxe4 14. Nxe4 Nxe4
15. Qxe4 f5 16. Qh4 Be7 17. Bg5 Bxg5 18. Qxg5 O-O 19. Qe3 Rad8 20. Rfe1 Rfe8
21. Rad1 Qd5 22. h3 Rd6 23. Rd2 Red8 24. Qc3 Qc4 25. Rde2 Nxd4 26. Nxd4 Qxd4
27. Qb3 Qd5 28. Qg3 Qd3 29. Qxd3 Rxd3 30. Rxe6 R3d6 31. Re7 Kf8 32. Rc7 Rd1 33.
Kf1 R8d2 34. Rxd1 Rxd1+ 35. Ke2 Rb1 36. Rc2 Ke7 37. Kd2 Rg1 38. g3 Rf1 39. Kc3
Re1 40. Kb4 Re6 41. Ka5 Kd7 42. b4 g6 43. Rc3 Rd6 44. f4 h6 45. g4 fxg4 46.
hxg4 Rf6 47. g5 hxg5 48. fxg5 Rd6 49. Rf3 Ke7 50. Rh3 Ke6 51. Rf3 Ke5 52. Rf8
Re6 53. Ra8 Kf5 54. Rxa6 Re5 55. Rb6 Kxg5 56. Rxb5 Rxb5+ 57. Kxb5 Kf4 58. Kc6
g5 59. b5 g4 60. b6 g3 1-0

[Event "XXIV Weekend A"]
[Site "Robecchetto con Induno ITA"]
[Date "2013.12.30"]
[Round "6"]
[White "Lucchese, Paolo"]
[Black "Foglieni, Matteo"]
[WhiteElo "1960"]
[BlackElo "1853"]
[Result "0-1"]
[PlyCount "84"]
[EventDate "2013.12.27"]

1. e4 c6 2. d4 d5 3. e5 Bf5 4. Nf3 e6 5. Be2 c5 6. O-O Nc6 7. c3 Qb6 8. b3 cxd4
9. Nxd4 Nxd4 10. cxd4 Ne7 11. Nc3 Nc6 12. Be3 a6 13. Na4 Qa7 14. Bd3 Bxd3 15.
Qxd3 Ba3 16. Rab1 O-O 17. Rfd1 b5 18. Nc3 Rfc8 19. Ne2 Nb4 20. Qd2 Rc2 21. Qe1
Rac8 22. Bc1 Bxc1 23. Nxc1 Nxa2 24. Nxa2 Rxa2 25. Rbc1 Rac2 26. Rxc2 Rxc2 27.
Rc1 Qc7 28. Rxc2 Qxc2 29. g3 Qxb3 30. Qa5 h6 31. Qxa6 Qd1+ 32. Kg2 Qxd4 33.
Qxb5 Qxe5 34. Qe8+ Kh7 35. Qxf7 Qe4+ 36. Kf1 d4 37. Qh5 d3 38. f4 Qh1+ 39. Kf2
d2 40. f5 Qe1+ 41. Kg2 Qe4+ 42. Kf1 exf5 0-1

[Event "XXIV Weekend A"]
[Site "Robecchetto con Induno ITA"]
[Date "2013.12.30"]
[Round "6"]
[White "Macario, Marco"]
[Black "Bejo, Armand"]
[WhiteElo "1839"]
[BlackElo "1609"]
[Result "1/2-1/2"]
[PlyCount "43"]
[EventDate "2013.12.27"]

1. e4 e5 2. Nf3 Nf6 3. Nxe5 d6 4. Nf3 Nxe4 5. Nc3 Nf6 6. d4 d5 7. h3 Bb4 8. Bd3
O-O 9. O-O c5 10. Bd2 c4 11. Be2 Bxc3 12. Bxc3 Bf5 13. Ne5 Ne4 14. Bd2 Nc6 15.
Nxc6 bxc6 16. Bf4 Qb6 17. f3 Nf6 18. b3 c3 19. Bd6 Rfe8 20. Bc5 Qc7 21. Bd3
Bxh3 22. gxh3 1/2-1/2

[Event "XXIV Weekend A"]
[Site "Robecchetto con Induno ITA"]
[Date "2013.12.30"]
[Round "6"]
[White "Mantovani, Enrico"]
[Black "Biancotti, Alessandro"]
[WhiteElo "1828"]
[BlackElo "1872"]
[Result "0-1"]
[PlyCount "74"]
[EventDate "2013.12.27"]

1. Nf3 c5 2. d4 cxd4 3. Nxd4 Nf6 4. c4 Nc6 5. e3 g6 6. Be2 Bg7 7. O-O d6 8. Nc3
O-O 9. a3 Bd7 10. Bd2 Rc8 11. Rc1 Nxd4 12. exd4 Qb6 13. b4 Qxd4 14. Qc2 a6 15.
Be3 Qe5 16. Qd2 Ng4 17. Bf4 Bh6 18. Bxe5 Bxd2 19. Rcd1 Nxe5 20. Rxd2 Nxc4 21.
Bxc4 Rxc4 22. Nd5 Re8 23. Re1 Be6 24. Nb6 Rc3 25. a4 a5 26. bxa5 Rc5 27. h3
Rxa5 28. Rb2 Rc5 29. Rb4 Rd8 30. Rd4 d5 31. Kh2 Rd6 32. Rb4 d4 33. Rd1 d3 34.
Kg3 Rc3 35. f3 d2 36. a5 Rc1 37. Rb1 Rxd1 0-1

[Event "XXIV Weekend A"]
[Site "Robecchetto con Induno ITA"]
[Date "2013.12.30"]
[Round "6"]
[White "Novi', Giuseppe"]
[Black "Griffini, Andrea"]
[WhiteElo "1822"]
[BlackElo "1797"]
[Result "0-1"]
[PlyCount "146"]
[EventDate "2013.12.27"]

1. e4 Nf6 2. Nc3 d5 3. exd5 Nxd5 4. Nxd5 Qxd5 5. c4 Qa5 6. Qc2 Nc6 7. Nf3 Bf5
8. Qc3 Nb4 9. Nd4 Qe5+ 10. Kd1 e6 11. Nxf5 Qxf5 12. a3 Nc6 13. d4 Qg4+ 14. Kc2
Qxd4 15. Be3 Qxc3+ 16. Kxc3 Be7 17. Bd3 O-O-O 18. Be4 Bf6+ 19. Kc2 Nd4+ 20. Kb1
Nb3 21. Ra2 Nd2+ 22. Bxd2 Rxd2 23. b4 Rhd8 24. f4 Rxa2 25. Kxa2 Rd4 26. Re1
Rxc4 27. f5 exf5 28. Bxf5+ Kd8 29. Bxh7 g6 30. Bg8 Rf4 31. Bxf7 Rf2+ 32. Kb3
Rxg2 33. Bd5 Rb2+ 34. Ka4 c6 35. Be4 Kc7 36. Bxg6 b5+ 37. Ka5 Rb3 38. a4 Ra3
39. Bc2 bxa4 40. Bxa4 Bd8 41. Re8 Kd7+ 42. Rxd8+ Kxd8 43. b5 cxb5 44. Kxb5 Rh3
45. Ka6 Rxh2 46. Bc6 Kc7 47. Bd5 Rd2 48. Bf7 Rd3 49. Ka5 Ra3+ 50. Kb4 Ra1 51.
Bb3 Kb6 52. Ba4 a5+ 53. Kb3 Rb1+ 54. Ka2 Rg1 55. Ka3 Kc5 56. Bb3 Kb5 57. Ba4+
Kc4 58. Bb3+ Kc3 59. Ka2 Kb4 60. Bf7 a4 61. Bd5 a3 62. Be4 Re1 63. Bf3 Rf1 64.
Bd5 Rf2+ 65. Ka1 Kc3 66. Ba2 Rb2 67. Bb1 Kb3 68. Bf5 a2 69. Be6+ Ka3 70. Bf5
Rf2 71. Bd3 Rd2 72. Bc2 Re2 73. Bd1 Re3 0-1

[Event "XXIV Weekend A"]
[Site "Robecchetto con Induno ITA"]
[Date "2013.12.30"]
[Round "6"]
[White "Porzio, Massimo"]
[Black "Zuliani, Francesco"]
[WhiteElo "1848"]
[BlackElo "1834"]
[Result "1/2-1/2"]
[PlyCount "47"]
[EventDate "2013.12.27"]

1. e4 Nf6 2. e5 Nd5 3. d4 d6 4. c4 Nb6 5. exd6 exd6 6. Nc3 Be7 7. Nf3 O-O 8.
Bd3 Bg4 9. h3 Bxf3 10. Qxf3 Nc6 11. Be3 Bf6 12. O-O g6 13. Rfd1 Nxd4 14. Qxb7
c5 15. Nd5 Bg7 16. Ne7+ Kh8 17. Bxd4 cxd4 18. Nd5 Rb8 19. Qxa7 Nxd5 20. cxd5
Rxb2 21. Rab1 Rb8 22. Rxb8 Qxb8 23. Qxb8 Rxb8 24. a4 1/2-1/2

[Event "XXIV Weekend A"]
[Site "Robecchetto con Induno ITA"]
[Date "2013.12.30"]
[Round "6"]
[White "Pozzi, Luca"]
[Black "Coqueraut, Lodewyk"]
[WhiteElo "1738"]
[BlackElo "1724"]
[Result "1-0"]
[PlyCount "37"]
[EventDate "2013.12.27"]

1. e4 c5 2. c3 e6 3. d4 cxd4 4. cxd4 d6 5. Nf3 Nd7 6. Bd3 Ne7 7. O-O Qb6 8. Nc3
Ng6 9. Rb1 Be7 10. Be3 Qd8 11. Ne2 O-O 12. Nf4 Nxf4 13. Bxf4 b6 14. e5 d5 15.
Qc2 f5 16. exf6 Nxf6 17. Be5 g6 18. Bxg6 hxg6 19. Qxg6+ 1-0

[Event "XXIV Weekend A"]
[Site "Robecchetto con Induno ITA"]
[Date "2013.12.30"]
[Round "6"]
[White "Recanatini, Italo"]
[Black "Raselli, Claudio"]
[WhiteElo "1808"]
[BlackElo "1878"]
[Result "0-1"]
[PlyCount "78"]
[EventDate "2013.12.27"]

1. e4 c5 2. Nf3 e6 3. c3 d5 4. exd5 exd5 5. d4 cxd4 6. Nxd4 Nf6 7. Bd3 Be7 8.
h3 Nc6 9. Be3 Nxd4 10. Bxd4 O-O 11. Qc2 h6 12. Nd2 Re8 13. Bb5 Bd7 14. Bxd7
Qxd7 15. O-O Qc6 16. Rfe1 Bc5 17. Bxf6 Qxf6 18. Nf3 Rad8 19. Qa4 Qc6 20. Qxc6
bxc6 21. Ne5 Re6 22. Nd3 Bd6 23. Kf1 Rde8 24. Rxe6 Rxe6 25. Re1 Kf8 26. a4 Ke7
27. Rxe6+ fxe6 28. Ke2 e5 29. f3 Ke6 30. b3 Be7 31. g3 Bd6 32. c4 e4 33. cxd5+
cxd5 34. Nf2 Bxg3 35. fxe4 Bxf2 36. exd5+ Kxd5 37. Kxf2 Kc5 38. Kf3 a5 39. Ke4
Kb4 0-1

[Event "XXIV Weekend Magistrale"]
[Site "Robecchetto con Induno ITA"]
[Date "2013.12.27"]
[Round "1"]
[White "Aranovitch, Emiliano"]
[Black "Petrone, Gianmario"]
[WhiteElo "2345"]
[BlackElo "2017"]
[Result "1-0"]
[PlyCount "23"]
[EventDate "2013.12.27"]

1. e4 c5 2. Nf3 d6 3. Bb5+ Bd7 4. Bxd7+ Qxd7 5. O-O Nf6 6. e5 dxe5 7. Nxe5 Qc7
8. d4 e6 9. Bf4 Bd6 10. Na3 Nd5 11. Nb5 Qb6 12. Nc4 1-0

[Event "XXIV Weekend Magistrale"]
[Site "Robecchetto con Induno ITA"]
[Date "2013.12.27"]
[Round "1"]
[White "Barlocco, Carlo"]
[Black "Penna, Tommaso"]
[WhiteElo "2117"]
[BlackElo "1973"]
[Result "1/2-1/2"]
[PlyCount "202"]
[EventDate "2013.12.27"]

1. Nf3 Nf6 2. g3 d5 3. Bg2 c6 4. d4 Bg4 5. O-O e6 6. c4 Bd6 7. Nc3 Nbd7 8. Qb3
Qc8 9. cxd5 cxd5 10. Nb5 Bb8 11. Bd2 a6 12. Rfc1 Qd8 13. Qa3 Bxg3 14. hxg3 axb5
15. Qb4 Ne4 16. Bf4 Qb6 17. a4 bxa4 18. Rxa4 Qxb4 19. Rxb4 b6 20. Rc7 Kd8 21.
Rxd7+ Kxd7 22. Ne5+ Ke7 23. Nxg4 h5 24. Bxe4 hxg4 25. Bg2 Ra1+ 26. Bf1 Rha8 27.
f3 Rb1 28. Kf2 gxf3 29. Bd2 Raa1 30. Bh3 fxe2 31. Kxe2 Rg1 32. Kf2 Rh1 33. Bg2
Rhd1 34. Bg5+ f6 35. Bf4 Ra2 36. Rxb6 Rxd4 37. Bd6+ Kd7 38. Ba3 Rd2+ 39. Kf3 g5
40. Bf1 Rd1 41. Bb5+ Kc7 42. Rc6+ Kb7 43. Rxe6 Raa1 44. Be7 Rab1 45. Bxf6 d4
46. Be2 Rd2 47. Bxg5 Rdxb2 48. Rd6 Rb3+ 49. Kf2 R1b2 50. Rxd4 Rxe2+ 51. Kxe2
Rxg3 52. Be3 Kc6 53. Kd3 Rh3 54. Rc4+ Kd5 55. Ra4 Rh1 56. Ra5+ Kd6 57. Kc4 Rd1
58. Bd4 Rc1+ 59. Bc3 Ke6 60. Re5+ Kd6 61. Rf5 Ke7 62. Kd4 Ke6 63. Rf3 Rh1 64.
Ke4 Rh4+ 65. Kd3 Kd5 66. Rf5+ Ke6 67. Ra5 Rh3+ 68. Kc4 Rh4+ 69. Bd4 Rh1 70.
Re5+ Kd6 71. Rf5 Rc1+ 72. Bc3 Ke7 73. Kd3 Rh1 74. Ke4 Rb1 75. Ra5 Kd6 76. Ra6+
Kd7 77. Bd4 Rb5 78. Rh6 Ke7 79. Be5 Kd7 80. Kf5 Ra5 81. Rd6+ Ke7 82. Rc6 Rd5
83. Rc7+ Rd7 84. Bf6+ Ke8 85. Rc8+ Kf7 86. Rh8 Rd5+ 87. Be5 Rb5 88. Rh7+ Kg8
89. Rg7+ Kf8 90. Ra7 Rb6 91. Bf6 Rb1 92. Bd4 Rc1 93. Be5 Rc6 94. Rd7 Ke8 95.
Rd1 Ra6 96. Bf6 Ra5+ 97. Kg6 Ra8 98. Rd6 Rc8 99. Kf5 Rc1 100. Ke6 Re1+ 101. Be5
Re2 1/2-1/2

[Event "XXIV Weekend Magistrale"]
[Site "Robecchetto con Induno ITA"]
[Date "2013.12.27"]
[Round "1"]
[White "Barrera, Pietro"]
[Black "Soncin, Denis"]
[WhiteElo "1912"]
[BlackElo "2041"]
[Result "1/2-1/2"]
[PlyCount "139"]
[EventDate "2013.12.27"]

1. d4 Nf6 2. Nf3 g6 3. Bg5 Bg7 4. e3 c5 5. c3 Qb6 6. Qb3 d6 7. Nbd2 O-O 8. Bxf6
Bxf6 9. dxc5 dxc5 10. Be2 Bf5 11. O-O Nc6 12. Rfe1 Rad8 13. Qa3 Qa5 14. Qxa5
Nxa5 15. Nb3 Nxb3 16. axb3 a6 17. Red1 Bc2 18. Rxd8 Rxd8 19. Bc4 b5 20. Be2 Rd6
21. Ra3 Be4 22. Kf1 Bb7 23. Ra2 Kf8 24. Ke1 Ke8 25. g3 Kd8 26. Nd2 h5 27. h4
Kc7 28. Bf3 Rxd2 29. Kxd2 Bxf3 30. Rxa6 Kb7 31. Ra1 Bd5 32. Kc2 Be4+ 33. Kd2
Kb6 34. Ra2 Bd5 35. Kc2 g5 36. hxg5 Bxg5 37. Ra1 h4 38. gxh4 Bxh4 39. f4 Bf2
40. Kd2 Bh4 41. Ke2 Bf6 42. Rg1 e5 43. fxe5 Bxe5 44. Rg4 Kc6 45. b4 Be6 46. Rh4
cxb4 47. Rxb4 Bd6 48. Rh4 Bf5 49. Kd2 Bc5 50. Rf4 Bg6 51. b4 Bd6 52. Rh4 Kd5
53. Rd4+ Ke5 54. Rf4 Ke6 55. Rh4 Be5 56. c4 bxc4 57. Rxc4 Kd5 58. Rc5+ Kd6 59.
Rc1 Bb2 60. Rc5 Ba3 61. Rc4 Kd5 62. Rc5+ Kd6 63. Rc4 Bf5 64. Rf4 Be6 65. Rh4
Kc6 66. Kc2 Kb5 67. Kc3 Bc1 68. Rh5+ Kb6 69. Re5 Ba3 70. Rc5 1/2-1/2

[Event "XXIV Weekend Magistrale"]
[Site "Robecchetto con Induno ITA"]
[Date "2013.12.27"]
[Round "1"]
[White "Coppola, Federico"]
[Black "Medici, Simone"]
[WhiteElo "1988"]
[BlackElo "2120"]
[Result "0-1"]
[PlyCount "64"]
[EventDate "2013.12.27"]

1. Nf3 d5 2. g3 c5 3. c4 d4 4. e3 Nc6 5. exd4 cxd4 6. Bg2 e5 7. O-O Bd6 8. Re1
Nge7 9. b4 f6 10. c5 Bc7 11. Qb3 Bd7 12. Bb2 Qc8 13. a3 Be6 14. Qc2 O-O 15. d3
Qd7 16. Nbd2 Rac8 17. Nc4 b5 18. cxb6 axb6 19. b5 Na5 20. Nxa5 bxa5 21. Qd2 a4
22. Qe2 Ba5 23. Rec1 Bg4 24. Rab1 Rfe8 25. Rxc8 Rxc8 26. Bc1 Nd5 27. Bd2 Bxd2
28. Qxd2 Nc3 29. Rb4 Be6 30. Qb2 Bd5 31. Nh4 Na2 32. h3 Nxb4 0-1

[Event "XXIV Weekend Magistrale"]
[Site "Robecchetto con Induno ITA"]
[Date "2013.12.27"]
[Round "1"]
[White "Gentili, Gianguido"]
[Black "Barbero, Marco"]
[WhiteElo "2145"]
[BlackElo "1990"]
[Result "1-0"]
[PlyCount "87"]
[EventDate "2013.12.27"]

1. Nf3 d5 2. c4 e6 3. g3 dxc4 4. Bg2 a6 5. Qc2 Nd7 6. Qxc4 b5 7. Qb3 Bb7 8. O-O
Ngf6 9. d3 Bd6 10. Be3 O-O 11. a4 Rb8 12. axb5 Bd5 13. Qc2 axb5 14. Nc3 Ba8 15.
Ba7 b4 16. Bxb8 bxc3 17. Ba7 cxb2 18. Qxb2 c5 19. Ra6 Bc7 20. Qa3 Bb7 21. Ra4
Bc6 22. Rc4 Bxf3 23. exf3 Ne5 24. Rc3 Nd5 25. Rb3 c4 26. dxc4 Nxc4 27. Qc1 Na5
28. Rb1 Qf6 29. Qc2 h5 30. Rbd1 Be5 31. f4 Nxf4 32. gxf4 Qxf4 33. Rfe1 Qxh2+
34. Kf1 h4 35. Rd3 Bg3 36. fxg3 h3 37. Bg1 hxg2+ 38. Qxg2 Qh7 39. Red1 Qf5+ 40.
Bf2 Nc4 41. Kg1 Nb2 42. Rf3 Qc2 43. Rd7 Ra8 44. Ba7 1-0

[Event "XXIV Weekend Magistrale"]
[Site "Robecchetto con Induno ITA"]
[Date "2013.12.27"]
[Round "1"]
[White "Linder, Oliver"]
[Black "Boschetti, Claudio"]
[WhiteElo "1960"]
[BlackElo "2111"]
[Result "1-0"]
[PlyCount "117"]
[EventDate "2013.12.27"]

1. d4 Nf6 2. Nf3 g6 3. Nc3 d5 4. Bf4 Bg7 5. e3 c6 6. Be2 Nbd7 7. Ne5 Qb6 8. a3
Nxe5 9. Bxe5 Bf5 10. Na4 Qa5+ 11. c3 h5 12. Nc5 Bc8 13. b4 Qd8 14. a4 O-O 15.
O-O b6 16. Nd3 Ne4 17. Rc1 f6 18. Bf4 Be6 19. h3 Qd7 20. Bh2 Bf7 21. Nb2 e5 22.
c4 exd4 23. exd4 Rad8 24. c5 bxc5 25. bxc5 Rfe8 26. f3 Ng5 27. Nd3 Qe7 28. Nf4
Qe3+ 29. Kh1 f5 30. Ba6 Qxd4 31. Qxd4 Bxd4 32. Bb7 Be3 33. Bxc6 Re7 34. Rcd1 d4
35. Nd3 Bb3 36. Bd6 Re6 37. Ra1 Nf7 38. Ra3 Bc4 39. Bb5 Nxd6 40. cxd6 Bxd3 41.
Bxd3 Rexd6 42. g4 hxg4 43. hxg4 f4 44. Rb1 Rc8 45. Kg2 Rdc6 46. Rab3 R8c7 47.
Kf1 Kg7 48. Ke2 Kf6 49. Rb5 Rh7 50. g5+ Ke6 51. Bxg6 Rh2+ 52. Kd3 Bc1 53. Bf5+
Kd6 54. Kxd4 Be3+ 55. Ke4 Rc4+ 56. Kd3 Rxa4 57. Kc3 a6 58. Rb7 Kc6 59. Bd7+ 1-0

[Event "XXIV Weekend Magistrale"]
[Site "Robecchetto con Induno ITA"]
[Date "2013.12.27"]
[Round "1"]
[White "Ranfagni, Stefano"]
[Black "Sbarra, Marco"]
[WhiteElo "2015"]
[BlackElo "2263"]
[Result "1-0"]
[PlyCount "59"]
[EventDate "2013.12.27"]

1. c4 e6 2. Nc3 d5 3. d4 Bb4 4. Nf3 Nf6 5. Bd2 Nbd7 6. e3 O-O 7. cxd5 exd5 8.
Bd3 c5 9. a3 Bxc3 10. Bxc3 c4 11. Bc2 Re8 12. O-O Nb6 13. Ne5 Nbd7 14. f4 Nf8
15. Qf3 Be6 16. g4 b5 17. f5 Bd7 18. g5 Ne4 19. Bxe4 Qxg5+ 20. Kh1 dxe4 21.
Qxe4 Rad8 22. Qf3 Bc8 23. Rg1 Qxf5 24. Qg2 Ng6 25. e4 Qh3 26. Qf2 Nxe5 27. dxe5
Bb7 28. Rxg7+ Kh8 29. Qf6 Bxe4+ 30. Rg2# 1-0

[Event "XXIV Weekend Magistrale"]
[Site "Robecchetto con Induno ITA"]
[Date "2013.12.27"]
[Round "1"]
[White "Siclari, Giovanni"]
[Black "Bardone, Lorenzo"]
[WhiteElo "2081"]
[BlackElo "1957"]
[Result "1-0"]
[PlyCount "61"]
[EventDate "2013.12.27"]

1. Nf3 d5 2. g3 c6 3. c4 Bg4 4. Bg2 e6 5. cxd5 Bxf3 6. Bxf3 cxd5 7. O-O Nf6 8.
Nc3 Nc6 9. d3 Be7 10. Bd2 O-O 11. Qa4 Qb6 12. Rab1 Rfd8 13. Rfc1 Ne5 14. Bg2
Bc5 15. Be1 Neg4 16. Nd1 h5 17. h3 Nh6 18. Ba5 Qd6 19. Bxd8 Rxd8 20. d4 Bb6 21.
Rc3 Nf5 22. e3 e5 23. dxe5 Qxe5 24. Qf4 Qe6 25. Rd3 Rc8 26. Nc3 Rc4 27. Bxd5
Nxd5 28. Qxc4 Nfxe3 29. fxe3 Bxe3+ 30. Kh2 Qf5 31. Qxd5 1-0

[Event "XXIV Weekend Magistrale"]
[Site "Robecchetto con Induno ITA"]
[Date "2013.12.27"]
[Round "1"]
[White "Ventura, Salvatore"]
[Black "Alonso Garcia, Rene Marcial"]
[WhiteElo "2024"]
[BlackElo "2346"]
[Result "0-1"]
[PlyCount "156"]
[EventDate "2013.12.27"]

1. e4 e6 2. d4 d5 3. e5 c5 4. c3 Qb6 5. Nf3 Bd7 6. a3 cxd4 7. cxd4 Bb5 8. Qb3
Bxf1 9. Qxb6 axb6 10. Rxf1 Nd7 11. Nc3 Bb4 12. Bd2 Bxc3 13. Bxc3 Ne7 14. Kd2 f6
15. Rfe1 Kf7 16. Re2 Nc6 17. exf6 gxf6 18. Rae1 Rac8 19. g4 Rhd8 20. h3 b5 21.
Nh4 Nb6 22. f3 Na8 23. Kd3 Nc7 24. f4 h5 25. Rg2 hxg4 26. hxg4 Rh8 27. Nf3 Rcg8
28. Reg1 Rh3 29. Rg3 Rxg3 30. Rxg3 Ne8 31. g5 Nd6 32. Rh3 Ne4 33. Rh7+ Rg7 34.
Rxg7+ Kxg7 35. Bd2 Kg6 36. Be3 Kf5 37. gxf6 Kxf6 38. Ng5 Nxg5 39. fxg5+ Kf5 40.
Bd2 Ne7 41. Kc3 Nc6 42. Kd3 Kg6 43. Kc3 b4+ 44. axb4 b5 45. Bf4 Nd8 46. Bd6 Nf7
47. Bc5 Kxg5 48. Kd3 Kf5 49. Ke3 Nd8 50. Kf3 e5 51. dxe5 Kxe5 52. Ke3 Nc6 53.
Kd3 d4 54. b3 Kd5 55. Bf8 Ne5+ 56. Ke2 Ke4 57. Bh6 Nf3 58. Bg7 Ng5 59. Kd2 Ne6
60. Bh6 Nc7 61. Bf8 Nd5 62. Bd6 Ne3 63. Bf8 Nf5 64. Bc5 Nh4 65. Bf8 Nf3+ 66.
Ke2 d3+ 67. Kd1 Nd4 68. Bh6 Nxb3 69. Bg5 Kd4 70. Bf6+ Kc4 71. Be7 Nd4 72. Kd2
Nc6 73. Bf8 Nxb4 74. Bg7 Nc6 75. Ba1 Nd4 76. Bb2 Nf3+ 77. Ke3 d2 78. Ke2 Kb3
0-1

[Event "XXIV Weekend Magistrale"]
[Site "Robecchetto con Induno ITA"]
[Date "2013.12.28"]
[Round "2"]
[White "Alonso Garcia, Rene Marcial"]
[Black "Siclari, Giovanni"]
[WhiteElo "2346"]
[BlackElo "2081"]
[Result "1-0"]
[PlyCount "35"]
[EventDate "2013.12.27"]

1. e4 c5 2. Nf3 e6 3. c3 Nf6 4. e5 Nd5 5. Bc4 d6 6. exd6 Bxd6 7. d4 O-O 8. O-O
Nc6 9. dxc5 Bxc5 10. Qe2 Qc7 11. Bb3 Bd7 12. Bc2 Rab8 13. Ng5 Nf6 14. Nxh7
Bxf2+ 15. Rxf2 Nxh7 16. Na3 Rbe8 17. Nb5 Qb8 18. Qd3 1-0

[Event "XXIV Weekend Magistrale"]
[Site "Robecchetto con Induno ITA"]
[Date "2013.12.28"]
[Round "2"]
[White "Bardone, Lorenzo"]
[Black "Ventura, Salvatore"]
[WhiteElo "1957"]
[BlackElo "2024"]
[Result "1/2-1/2"]
[PlyCount "82"]
[EventDate "2013.12.27"]

1. e4 c5 2. Nf3 Nc6 3. Bb5 g6 4. O-O Bg7 5. c3 Nf6 6. Re1 O-O 7. e5 Nd5 8. d4
cxd4 9. cxd4 d6 10. Nc3 Nxc3 11. bxc3 Qa5 12. Bxc6 bxc6 13. Bg5 f6 14. exf6
exf6 15. Qb3+ d5 16. Bf4 Ba6 17. Re7 Rfe8 18. Rae1 Rxe7 19. Rxe7 Qd8 20. Rc7
Qe8 21. h4 Bf8 22. Qc2 Be2 23. Nh2 Qe6 24. f3 Bb5 25. Qd2 Bd6 26. Bxd6 Qxd6 27.
Rb7 Ba6 28. Rb1 Re8 29. Re1 Rxe1+ 30. Qxe1 Kf7 31. Ng4 h5 32. Ne3 Qa3 33. Qd2
Qa5 34. Qb2 Qb5 35. Qxb5 Bxb5 36. Kf2 Ke6 37. g4 Bd3 38. gxh5 gxh5 39. Ng2 Bb1
40. a3 Kf5 41. Ne3+ Ke6 1/2-1/2

[Event "XXIV Weekend Magistrale"]
[Site "Robecchetto con Induno ITA"]
[Date "2013.12.28"]
[Round "2"]
[White "Boschetti, Claudio"]
[Black "Barbero, Marco"]
[WhiteElo "2111"]
[BlackElo "1990"]
[Result "1-0"]
[PlyCount "53"]
[EventDate "2013.12.27"]

1. e4 d6 2. d4 Nf6 3. Nc3 e5 4. Nf3 Nbd7 5. Bc4 Be7 6. O-O Nb6 7. Be2 exd4 8.
Nxd4 O-O 9. a4 a5 10. f4 d5 11. e5 Ne4 12. f5 Bg5 13. Nxe4 dxe4 14. Bxg5 Qxg5
15. Ra3 Rd8 16. Rg3 Qh6 17. e6 Qf6 18. c3 Nd5 19. Bh5 c5 20. Bxf7+ Kh8 21. Nb5
Ne3 22. Qxd8+ Qxd8 23. f6 gxf6 24. e7 Qe8 25. Bxe8 Nxf1 26. Kxf1 Be6 27. Nd6
1-0